[Event "IECC CL4-2011.04 email"]
[Site "IECC email"]
[Date "2011.06.08"]
[Round "?"]
[White "Walsh, Kevin"]
[Black "Ochoa, Rodrigo Cedeno"]
[Result "0-1"]
[WhiteElo "1707"]
[BlackElo "1471"]
[PlyCount "64"]
[EventDate "2011.??.??"]
[EventType "tourn (corr)"]
[EventRounds "4"]
[SourceTitle "Telechess CBM 149"]
[Source "ChessBase"]
[SourceDate "2012.07.17"]
[SourceVersion "1"]
[SourceVersionDate "2012.07.17"]
[SourceQuality "1"]
[WhiteTeam "Ireland"]
[BlackTeam "Colombia"]
[WhiteTeamCountry "IRL"]
[BlackTeamCountry "COL"]

1. d4 d5 2. Nf3 Nf6 3. Bf4 e6 4. e3 c5 5. c3 Nc6 6. Nbd2 Bd6 7. Bg3 0-0 8. Bd3 c4 9. Bc2 h6 10. Ne5 Qc7 11. f4 Ne7 12. Qf3 b5 13. Bh4 Nd7 14. 0-0 f6 15. Ng6 Nxg6 16. Bxg6 f5 17. Qh5 b4 18. Bg5 bxc3 19. bxc3 Qa5 20. Bxh6 Nf6 21. Qh3 gxh6 22. Qxh6 Qxc3 23. Bxf5 Rf7 24. Qg5+ Kf8 25. Bg6 Qxd2 26. Rfe1 Bb4 27. Bxf7 Kxf7 28. Qe5 Bd7 29. Rad1 Qxa2 30. Ra1 Qd2 31. Rad1 Qc2 32. Rc1 Qd3 0-1

[Event "IECC CL6-2010.12 email"]
[Site "IECC email"]
[Date "2010.10.21"]
[Round "?"]
[White "Eguchi, Koichi"]
[Black "Ochoa, Rodrigo Cedeno"]
[Result "0-1"]
[WhiteElo "1245"]
[BlackElo "1398"]
[PlyCount "36"]
[EventDate "2010.??.??"]
[EventType "tourn (corr)"]
[EventRounds "4"]
[SourceTitle "Telechess CBM 149"]
[Source "ChessBase"]
[SourceDate "2012.07.17"]
[SourceVersion "1"]
[SourceVersionDate "2012.07.17"]
[SourceQuality "1"]
[WhiteTeam "Japan"]
[BlackTeam "Colombia"]
[WhiteTeamCountry "JPN"]
[BlackTeamCountry "COL"]

1. e4 e5 2. Nc3 Nf6 3. a3 Nc6 4. Nf3 d5 5. Bb5 d4 6. Nxe5 Qd6 7. Nxf7 Kxf7 8. Bc4+ Be6 9. Nb5 Qe5 10. Bxe6+ Qxe6 11. d3 Rc8 12. c3 Bc5 13. Bf4 dxc3 14. b4 Bd4 15. Nxc7 Rxc7 16. Bxc7 c2 17. Qc1 Bc3+ 18. Kf1 Qb3 0-1

[Event "IECC CL6-2009.30 email"]
[Site "IECC email"]
[Date "2009.12.31"]
[Round "?"]
[White "Baez, Jorge Luis"]
[Black "Ochoa, Rodrigo Cedeno"]
[Result "0-1"]
[WhiteElo "1349"]
[BlackElo "1308"]
[PlyCount "46"]
[EventDate "2009.??.??"]
[EventType "tourn (corr)"]
[EventRounds "4"]
[SourceTitle "Corr 2013"]
[Source "ChessBase"]
[SourceDate "2012.11.12"]
[SourceVersion "1"]
[SourceVersionDate "2012.11.12"]
[SourceQuality "1"]
[WhiteTeam "Italy"]
[BlackTeam "Germany"]
[WhiteTeamCountry "ITA"]
[BlackTeamCountry "GER"]

1. d4 d5 2. c4 e6 3. e3 Nc6 4. Nc3 Nf6 5. Bd3 dxc4 6. Bxc4 Bd6 7. Nf3 0-0 8. 0-0 e5 9. d5 e4 10. dxc6 exf3 11. g3 Bg4 12. cxb7 Rb8 13. Qb3 Qe8 14. Nb5 Bd7 15. Nxd6 cxd6 16. Bd2 Bc6 17. Qa3 Rxb7 18. b4 Ne4 19. Rfd1 d5 20. Ba6 Qe6 21. Be1 Rb5 22. Qd3 Rb6 23. a4 Ba8 0-1